|
|
|
|
| LEADER |
01035nam a2200265 a 4500 |
| 001 |
18198 |
| 003 |
BD-DhAAL |
| 008 |
0904005s1998 enka b 001 0 eng d |
| 999 |
|
|
|c 69
|d 69
|
| 010 |
|
|
|a 98018131
|
| 020 |
|
|
|a 0471980943 (acid-free paper)
|
| 040 |
|
|
|a DLC
|c DLC
|d DLC
|d BD-DhAAL
|
| 082 |
0 |
0 |
|a 621.3821
|2 21
|
| 245 |
0 |
0 |
|a Intelligent broadband networks /
|c edited by Iakovos Venieris and Heinrich Hussmann.
|
| 260 |
|
|
|a Chichester, England ;
|a New York :
|b Wiley,
|c c1998.
|
| 300 |
|
|
|a xxv, 335 pages :
|b illustrations ;
|c 25 cm.
|
| 504 |
|
|
|a Includes bibliographical references and index.
|
| 541 |
1 |
|
|e 18198
|
| 650 |
|
0 |
|a Broadband communication systems.
|9 41204
|
| 650 |
|
0 |
|a Multimedia systems.
|9 41205
|
| 700 |
1 |
|
|a Venieris, Iakovos.
|9 41206
|
| 700 |
1 |
|
|a Hussmann, Heinrich,
|d 1959-
|9 41207
|
| 852 |
|
|
|a Ayesha Abed Library
|j General Stacks
|
| 942 |
|
|
|2 ddc
|c BK
|
| 952 |
|
|
|0 0
|1 0
|2 ddc
|4 0
|6 621_382100000000000_INT_1998
|7 0
|9 62
|a BRACUL
|b BRACUL
|c GEN
|d 2009-04-28
|l 1
|m 1
|o 621.3821 INT
|p 3010018198
|r 2012-12-31
|s 2012-08-06
|t 1
|w 2009-04-28
|y BK
|